00425nam a2200169Ia 4500008004100000082001700041082001400058100001900072245002800091260002700119260000700146300000800153600001900161630002800180700001900208730002800227151121s9999||||xx |||||||||||||| ||und|| a181।45/Yog bHNW-42837 aYogananda P। aAutobiography Of A Yogi bJaico Pub। Bombay। c-- a512 aYogananda P। aAutobiography Of A Yogi aYogananda P। aAutobiography Of A Yogi